Revitalizácia vo svete a u nás. 2
Možnosti revitalizácie podnikov. Spôsoby záchrany podnikov, ktoré majú ťažkosti. Prechodné zastavenie platieb. Základné princípy terapie zadlžených podnikov.
Gespeichert in:
| 1. Verfasser: | |
|---|---|
| Format: | Buchkapitel |
| Sprache: | Slowakisch |
| Schlagworte: | |
| Tags: |
Keine Tags, Fügen Sie das erste Tag hinzu!
|
MARC
| LEADER | 00000naa a2200000 4500 | ||
|---|---|---|---|
| 001 | r025868 | ||
| 005 | 20230824085308.1 | ||
| 041 | 0 | |a slo | |
| 044 | |a SK | ||
| 245 | 1 | 0 | |a Revitalizácia vo svete a u nás. 2 |c V. Valach |
| 520 | |a Možnosti revitalizácie podnikov. Spôsoby záchrany podnikov, ktoré majú ťažkosti. Prechodné zastavenie platieb. Základné princípy terapie zadlžených podnikov. | ||
| 610 | 2 | 0 | |a svet |
| 610 | 2 | 0 | |a Slovensko |
| 610 | 2 | 0 | |a hospodárstvo podnikové |
| 610 | 2 | 0 | |a zadlženosť |
| 610 | 2 | 0 | |a oživenie |
| 610 | 2 | 0 | |a podnik |
| 100 | 1 | |a Valach, V. | |